Vista normal
Vista MARC
Entrada Personal Name
Número de registros utilizados en: 1
001 - CONTROL NUMBER
- control field: 17175
003 - CONTROL NUMBER IDENTIFIER
- control field: DLC
005 - DATE AND TIME OF LATEST TRANSACTION
- control field: 20250610165745.0
008 - FIXED-LENGTH DATA ELEMENTS
- fixed length control field: 990302n| azannaabn |a aaa c
010 ## - LIBRARY OF CONGRESS CONTROL NUMBER
- LC control number: no 99014601
035 ## - SYSTEM CONTROL NUMBER
- System control number: (OCoLC)oca04932302
040 ## - CATALOGING SOURCE
- Original cataloging agency: ICU
- Language of cataloging: spa
- Description conventions: rda
- Transcribing agency: Mx-PuUPA
- Modifying agency: DLC
- Modifying agency: OCoLC
- Modifying agency: DNLM
- Modifying agency: DLC
- Modifying agency: Mx-PuUPA
100 1# - HEADING--PERSONAL NAME
- Personal name: Enríquez Rosas, Rocío,
370 ## - ASSOCIATED PLACE
- Associated country: México
- Source of term: naf
372 ## - FIELD OF ACTIVITY
- Field of activity: Terapia sistémica (Terapia familiar)
- Field of activity: Ciencias sociales
- Source of term: lcsh
373 ## - ASSOCIATED GROUP
- Associated group: Instituto Tecnológico de Estudios Superiores de Occidente (Guadalajara, México)
- Source of term: naf
374 ## - OCCUPATION
- Occupation: Científicos sociales
- Source of term: lcsh
375 ## - GENDER
- Gender: mujer
377 ## - ASSOCIATED LANGUAGE
- Language code: spa
400 1# - SEE FROM TRACING--PERSONAL NAME
- Personal name: Rosas, Rocío Enríquez
400 1# - SEE FROM TRACING--PERSONAL NAME
- Personal name: Enríquez, Rocío
670 ## - SOURCE DATA FOUND
- Source citation: Voces de la pobreza, 1997:
- Information found: t.p. (Rocío Enríquez Rosas) p. 8 (Rocío Enríquez)
670 ## - SOURCE DATA FOUND
- Source citation: Organización familiar en la vida urbana, 2020:
- Information found: p. 4 of cover (Rocío Enríquez Rosas) p. 401 (master in systemic family psychotherapy; dr. in social sciences; prof.-researcher, Depto. de Estudios Socioculturales, Inst. Tecnolóifco y de Estudios Superiores de Occidente; her lines of research are: families, caregiving and social welfare; socioanthropology of the emotions and processes of social inclusion/exclusion; poverty and social policy)